| Поле | Инд. | ПП | Название | Значение |
|---|---|---|---|---|
| Тип записи | a | |||
| Библиографический уровень | m | |||
| 001 | Контрольный номер | 18020911-03b4-43d4-a787-5995905012c9 | ||
| 005 | Дата корректировки | 20140703125908.2 | ||
| 008 | Кодируемые данные | 040628 | ||
| 020 | c | Цена, тираж | б/ц | |
| 040 | a | Служба первич. каталог. | НБ ТвГУ | |
| 041 | a | Код языка текста | rus | |
| 080 | a | Индекс УДК | 1(470)(092)(043.3) | |
| a | Индекс УДК | 929Соловьев | ||
| 084 | a | Индекс другой классификации/Индекс ББК | Ю3(2)51я031 | |
| a | Индекс другой классификации/Индекс ББК | Ю3(2)6я031 | ||
| 090 | a | Полочн. индекс | Ю3(2)51 | |
| x | Авторский знак | К38 | ||
| 100 | 1_ | a | Автор | Кизюн Галина Васильевна |
| 245 | 10 | a | Заглавие | Проблемы любви в философии В.С. Соловьева и его "школы" |
| b | Продолж. заглавия | автореф. дис. ... канд. филос. наук : 09.00.03 | ||
| c | Ответственность | Моск. гос. обл. ун-т | ||
| 260 | 0_ | a | Место издания | Москва |
| b | Издательство | Московский гос. областной ун-т | ||
| c | Дата издания | 2003 | ||
| 300 | a | Объем | 31 с. | |
| 500 | a | Примечание | На правах рукоп. | |
| 504 | a | Библиография | Библиогр.: с.30-31 и в подстроч. примеч. | |
| 583 | a | Действие | Получение впервые 283 28.06.2004 | |
| 650 | a | Основная рубрика | Соловьев, Владимир Сергеевич, о нем | |
| 650 | a | Основная рубрика | Философия | |
| x | Основная подрубрика | История | ||
| y | Хронологическая подрубрика | 19-20 вв. | ||
| z | Географическая подрубрика | Россия | ||
| 650 | a | Основная рубрика | Русская философия | |
| 653 | a | Ключевые слова | Авторефераты | |
| a | Ключевые слова | Бердяев, Николай Александрович, о нем | ||
| a | Ключевые слова | Бог | ||
| a | Ключевые слова | Вышеславцев | ||
| a | Ключевые слова | Любовь | ||
| a | Ключевые слова | Русская философия | ||
| a | Ключевые слова | Соловьев | ||
| a | Ключевые слова | Философия | ||
| a | Ключевые слова | Философские школы | ||
| a | Ключевые слова | Франк | ||
| 852 | t | Порядковый номер экземпляра | 1 | |
| p | Инвентарный номер | б/н | ||
| 888 | a | Бесплатные | ||
| 930 | a | Новая/Ретро | авторефераты | |
| 952 | p | 283.2004 б/ц 1 б/н | ||
| c | Вид литературы | А/Р н | ||
| 954 | a | Дата поступления на обработку | 20040813 | |
| 999 | a | Подразделение 2 | ч.з. |